Rajas of the punjab: being the history of the principal states in the punjab and their political relations with british (Record no. 78555)

MARC details
000 -LEADER
fixed length control field 00452nam a2200145Ia 4500
008 - FIXED-LENGTH DATA ELEMENTS--GENERAL INFORMATION
fixed length control field 230917s9999||||xx |||||||||||||| ||und||
040 ## - CATALOGING SOURCE
-- 104587
Original cataloging agency VIVEKANANDA LIBRARY
041 ## - Language
-- English
082 ## - DDC NUMBER
Classification number 954.5 G875R
100 ## - MAIN ENTRY--PERSONAL NAME
Personal name Griffin, Lepel H
245 #0 - TITLE STATEMENT
Title Rajas of the punjab: being the history of the principal states in the punjab and their political relations with british
260 ## - PUBLICATION, DISTRIBUTION, ETC. (IMPRINT)
Place of publication, distribution, etc Delhi
Name of publisher, distributor, etc Low Price Publication
Date of publication, distribution, etc 2000
300 ## - PHYSICAL DESCRIPTION
Pages 661p p.
942 ## - ADDED ENTRY ELEMENTS (KOHA)
Koha item type Books
Holdings
Withdrawn status Lost status Damaged status Not for loan Location (home branch) Sublocation or collection (holding branch) Date acquired Koha issues (times borrowed) Koha full call number Accession No. Koha date last seen Koha item type Shelving location
        VIVEKANANDA LIBRARY VIVEKANANDA LIBRARY 18/06/2014   954.5 G875R 154629 17/09/2023 Books  
        VIVEKANANDA LIBRARY VIVEKANANDA LIBRARY 18/06/2014   954.5 G875R 154630 17/09/2023 Books  
        VIVEKANANDA LIBRARY VIVEKANANDA LIBRARY 18/06/2014   954.5 G875R 210501 17/09/2023 Books History Department
© Designed and Maintained by Vivekananda Library, MDU Rohtak